000 01260nam a2200337 c 4500
003 BLK
005 20230808163759.0
008 180409b bul|||||r ||||||| ||bul||
010 _aKNG00108922000
020 _a954-9933-20-2
_bиздат.: Леге Артис
040 _aBLK
041 _aBUL
_cBUL
080 _aФренска литература
_b821.133.1
_x-31
_z821.133.1-31
100 1 _aКиняр, Паскал
_eпърви автор
_978714
700 _aЛекарска, Светла Славова
_d1956-
_9375021
139 _aКиняр, Паскал
_bК 54
245 1 0 _aТераса над Рим
_bРоман
_cПаскал Киняр; прев. Светла Славова Лекарска.
257 _aFRA
260 София
_bЛеге Артис
_c2002
_fСофия : Вулкан 4
300 _a95 с.
_c22 см
380 _aX
490 1 _aБезкрайна проза
500 _aОриг. загл. Terrasse a Rome / Pascal Quignard. - Офс. изд. - 400 тир.
653 _aромани
852 _aЦб 216660
856 4 _qpdf
_u
856 4 _qpdf
_u
942 _cKNG
_n0
944 _aCR
_c14.11.2003
_k30556
_lТеодора Пейчева-Дянкова
944 _aED
_c20.02.2004
_k
999 _c103842
_d103842